The green century (Record no. 65774)

MARC details
000 -LEADER
fixed length control field 01090cam a2200229 4500
001 - CONTROL NUMBER
control field ABS63309
008 - FIXED-LENGTH DATA ELEMENTS--GENERAL INFORMATION
fixed length control field 000000n2001 000 0 eng u
035 ## - SYSTEM CONTROL NUMBER
System control number (Sirsi) u110298
100 ## - MAIN ENTRY--PERSONAL NAME
Personal name Boyle, S
245 #4 - TITLE STATEMENT
Title The green century
260 ## - PUBLICATION, DISTRIBUTION, ETC.
Date of publication, distribution, etc. 2001
490 ## - SERIES STATEMENT
Series statement Building
Volume/sequential designation (8167) 5 January 2001, 30-34(5)
520 ## - SUMMARY, ETC.
Summary, etc. Discusses how after the failure of talks at The Hague, the EU looks set to take the lead on climate change as emphasised by the French and German environment ministers. The article looks at moves to cut European greenhouse gas emissions with emphasis on energy efficiency within the construction industry. The article provides a list of the legislation, taxes and other initiatives that will assist in making construction a greener industry and looks at the use of carbon permits.
590 ## - LOCAL NOTE (RLIN)
Local note ABS
650 ## - SUBJECT ADDED ENTRY--TOPICAL TERM
Topical term or geographic name entry element CONSTRUCTION INDUSTRY
650 ## - SUBJECT ADDED ENTRY--TOPICAL TERM
Topical term or geographic name entry element Sustainability
9 (RLIN) 6271
650 ## - SUBJECT ADDED ENTRY--TOPICAL TERM
Topical term or geographic name entry element GREENHOUSE GASES
650 ## - SUBJECT ADDED ENTRY--TOPICAL TERM
Topical term or geographic name entry element EUROPEAN UNION
650 ## - SUBJECT ADDED ENTRY--TOPICAL TERM
Topical term or geographic name entry element CARBON DIOXIDE EMISSIONS
690 ## - LOCAL SUBJECT ADDED ENTRY--TOPICAL TERM (OCLC, RLIN)
Topical term or geographic name as entry element ENVIRONMENTAL AND LAND CONSULTANCY-ENVIRONMENTAL MANAGEMENT
942 ## - ADDED ENTRY ELEMENTS (KOHA)
Suppress in OPAC 0
Holdings
Withdrawn status Lost status Source of classification or shelving scheme Damaged status Not for loan Home library Current library Shelving location Date acquired Total Checkouts Full call number Barcode Date last seen Copy number Price effective from Koha item type
    Dewey Decimal Classification     London London Journal article 10/01/2001   ABS63309 110298-1001 06/08/2019 1 06/08/2019 Journal article